000
00283nam a2200109Ia 4500
008
220204s9999 xx 000 0 und d
082
_a
091
_b
VAS.1-3
100
_a
Vasukuttan, K A
245
0
_a
Bhoomisastram. V 1-3
260
_a
Trivandrum
_b
State Inst of Languages
_c
1973
942
_c
BK
999
_c
26344
_d
26344